000 00436nam a2200181Ia 4500
003 GCL
008 140319s9999 xx 000 0 eng d
040 _aGCL /
_cGCL
082 0 4 _a843
_bH C
100 1 _aHUGO, VICTOR
245 1 0 _aCHOSES VUES /
_cHUGO, VICTOR
260 _a[S.N] :
_bFOLIO ،
_c1990
300 _a505\P
490 _aCOLLECTION FOLIO
_v0
650 0 4 _aLITERATURE
650 0 4 _aFRENCH LITERATURE
942 _2ddc
_cBK
999 _c21884
_d21884